000
00288nam a2200085Ia 4500
245
0
_a
The last sushi : cartoons from Mail & Guardian, Sunday Times and The Times
100
_a
ZAPIRO Auckland Park, South Africa, 2011
_9
25348
942
_c
BK
008
210817s9999 xx 000 0 und d
999
_c
98921
_d
98920